00366nam a2200133 a 45000010010000000030011000100080041000210350026000620820024000881000017001122450033001292600043001626500027002050000-8511ELIB.Books110520 1977  a(ELIB.Books)0000-8656 a230 bSaua225bSau aSauer, Erich aThe Triumph of the Crucified bCarlisle; The Peternoster Press c1977 aTheologyNew Testament